QUEST Central Library Banner

The Temple Sun of God (Record no. 8557)

MARC details
000 -LEADER
fixed length control field 00239nam a2200109 4500
082 ## - DEWEY DECIMAL CLASSIFICATION NUMBER
Classification number 954.91ALI
100 ## - MAIN ENTRY--AUTHOR NAME
Personal name Ali Ahmed
245 ## - TITLE STATEMENT
Title The Temple Sun of God
260 ## - PUBLICATION, DISTRIBUTION, ETC. (IMPRINT)
Place of publication Lahore:
Name of publisher Sangam Publications,
Year of publication 1998.
300 ## - PHYSICAL DESCRIPTION
Number of Pages 190p. ;
942 ## - ADDED ENTRY ELEMENTS (KOHA)
Koha item type Books
Holdings
Withdrawn status Lost status Home library Current library Date acquired Full call number Accession Number Koha item type
    Central Library, QUEST, Nawabshah Central Library, QUEST, Nawabshah 05/08/2014 954.91ALI 23056 Books
    Central Library, QUEST, Nawabshah Central Library, QUEST, Nawabshah 05/08/2014 954.91ALI 23057 Books

Copyright © 2018,The QUEST, Nawabshah, Shaheed Benazirabad. All rights reserved
Mr. G. Farooq Channar (Librarian) QUEST, Nawabshah, Sindh, Pakistan 67480.
 Ph#: |   0244-9370381-4 Ext. 2308   Email| lib@quest.edu.pk   Web|  http://www.quest.edu.pk